Az AVALON Car(e) Services Kft. autóbeszerzési megoldásának módjai, szállítói kapcsolatainak kezelése

Bibliográfiai részletek
Szerző: Hervai Tamás
További közreműködők: Németh Dr. Szilárd
Nagy Vendel
Dokumentumtípus: Projektmunka
Kulcsszavak:Beszerzés
Avalon
Autó
Online Access:http://dolgozattar.uni-bge.hu/22014

MARC

LEADER 00000nnm a2200000 i 4500
001 dolg22014
005 20190515135333.0
008 190515suuuu hu o 000 hun d
040 |a BGE Dolgozattár Repozitórium  |b hun 
041 |a hu 
100 1 |a Hervai Tamás 
245 1 3 |a Az AVALON Car(e) Services Kft. autóbeszerzési megoldásának módjai, szállítói kapcsolatainak kezelése  |c Hervai Tamás  |h [elektronikus dokumentum] 
246 1 1 |a Az AVALON Car(e) Services Kft. autóbeszerzési megoldásának módjai, szállítói kapcsolatainak kezelése 
516 |a Project_work 
695 |a Beszerzés 
695 |a Avalon 
695 |a Autó 
700 1 |a Németh Dr. Szilárd  |e ths 
700 1 |a Nagy Vendel  |e ths 
856 4 0 |u http://dolgozattar.uni-bge.hu/22014/1/Z%C3%A1r%C3%B3dolgozat_LMJ5KP.pdf  |z Dokumentum-elérés